La expiación de ultratumba
Đã lưu trong:
| Tác giả chính: | |
|---|---|
| Định dạng: | Sách |
| Ngôn ngữ: | Tiếng Tây Ban Nha |
| Được phát hành: |
Santiago
Apostolado de la Prensa
1923
|
| Phiên bản: | 3a. ed |
| Những chủ đề: | |
| Các nhãn: |
Thêm thẻ
Không có thẻ, Là người đầu tiên thẻ bản ghi này!
|
MARC
| LEADER | 00000nam a2200000 a 4500 | ||
|---|---|---|---|
| 001 | UCH2700 | ||
| 003 | CL-VaPUC | ||
| 008 | 090624e19230000CL |||||||||||||||||spa|d | ||
| 082 | 0 | 4 | |a 128.1 |b GEN |2 21 |
| 100 | |a Gentilini, Bernardo |e author |9 583942 | ||
| 245 | 1 | 3 | |a La expiación de ultratumba |
| 250 | |a 3a. ed | ||
| 300 | |a 158 p | ||
| 942 | |c BK | ||
| 945 | |d 20090624 00:00:00 |a rbrito | ||
| 260 | |a Santiago |b Apostolado de la Prensa |c 1923 | ||
| 650 | 0 | |a Antropología filosófica |9 265842 | |
| 650 | 0 | |a Alma |9 259008 | |
| 650 | 0 | |a Espiritualidad |9 267331 | |
| 583 | |a last modification |c 20090624 00:00:00 |k Rodrigo Vera | ||
| 999 | |c 334415 |d 334413 | ||
| 952 | |0 0 |1 0 |4 0 |6 128_100000000000000_GEN_1923 |7 0 |8 X |9 423407 |a FDOBUD |b FDOBUD |d 2019-11-22 |i 4558480 |o 128.1 GEN 1923 |p 4558480 |r 2019-11-22 |w 2019-11-22 |y BK_X |k BUD | ||